Представление документа в формате MARC21

ПолеНазваниеЗначение
  Тип записи a
  Библиографический уровень m
001 Контрольный номер RU\infra-m\znanium\bibl\2161238
005 Дата корректировки 20260429142119.3
008 Кодируемые данные 251217s2025 RU g rus u
040 Источник каталогиз. __
a Служба первич. каталог. Общество с ограниченной ответственностью «ЗНАНИУМ»
041 Код языка издания __
a Код языка текста rus
044 Код страны публикации __
a Код страны публикации RU
080 Индекс УДК __
a Индекс УДК 531
084 Индекс другой классификации/Индекс ББК __
2 Источник индекса rubbk
a Индекс другой классификации/Индекс ББК 226
084 Индекс другой классификации/Индекс ББК __
2 Источник индекса okso
a Индекс другой классификации/Индекс ББК 03.03.01
084 Индекс другой классификации/Индекс ББК __
2 Источник индекса okso
a Индекс другой классификации/Индекс ББК 03.04.01
084 Индекс другой классификации/Индекс ББК __
2 Источник индекса okso
a Индекс другой классификации/Индекс ББК 03.04.02
084 Индекс другой классификации/Индекс ББК __
2 Источник индекса okso
a Индекс другой классификации/Индекс ББК 03.05.01
084 Индекс другой классификации/Индекс ББК __
2 Источник индекса okso
a Индекс другой классификации/Индекс ББК 03.06.01
245 Заглавие __
a Заглавие Солнечно-земная физика, 2024, № 2
b Продолж. заглавия Журнал
250 Сведения об издании __
a Основные сведения об издании 1
260 Выходные данные __
a Место издания Иркутск
b Издательство Институт солнечно-земной физики Сибирского отделения Российской академии наук
c Дата издания 2024
300 Физическое описание __
a Объем 127 с.
650 Тематические рубрики __
a Основная рубрика Физико-математические науки
x Основная подрубрика Теоретическая астрономия. Небесная механика
655 Указ. предметных рубрик (устаревшее) __
a Жанр/ форма (устаревшее) Журнал
856 Электронный адрес документа 4_
a Имя сервера/домена znanium.ru
m Помощь ebs_support@infra-m.ru
n Местонахождение сервера НИЦ ИНФРА-М
u URL https://znanium.ru/catalog/document?id=461940
856 Электронный адрес документа 48
a Имя сервера/домена znanium.ru
d Путь /cover/2161
f Электронное имя 2161238.jpg
q Тип электронного формата image/jpeg
u URL https://znanium.ru/cover/2161/2161238.jpg
911 __
u 0030=https://znanium.ru/catalog/document?id=461940